000 00529nam a2200157 4500
008 151209b xxu||||| |||| 00| 0 eng d
020 _a0827325142
050 _aSPE RC 952.C35 1986
100 _aCaldwell, Esther.
_d1986
245 _aGeriatrics:a study of maturity/
_cEsther Caldwell and Barbara R. Hegner
250 _a4th ed.
260 _aNew York:
_bDelmar publishers Inc,
_c1986.
300 _avi, 441 p. :ill.
_bIncludes index.
650 _aGeriatrics.
942 _2lcc
_cBOOKS
_hSPE RC 952.C35 1986
999 _c10870
_d10870